Orion- All 88 Constellations - Statistics

General Stats
  • This quiz has been taken 33 times
    30 since last reset
  • The average score is 11 of 23
Answer Stats
Hint Answer % Correct
star Betelgeuse
85%
Mintaka, Alnitak and Alnilam form it Belt
74%
Best month for observe it January
70%
star Rigel
70%
star Alnitak
67%
star Alnilam
63%
star Mintaka
63%
neighbour Gemini
59%
Who is Orion protecting himself from? Taurus
59%
star Bellatrix
56%
...from there, the nebula shows a weapon Dagger
52%
star Saiph
52%
How is Orion protecting himself? Shield
44%
neighbour Eridanus
41%
neighbour Monoceros
41%
neighbour Lepus
37%
Thecnical name of Orion Nebula M42
33%
Famous meteor showers in Orion Orionids
33%
Which constellation killed Orion? Scorpius
22%
The main weapon of Orion Lance
19%
The goddess who sent Orion's killer was {Artemis}
15%
In the movie {Men in Black}, the galaxy is in Orion's Belt
7%
Orion is getting attacked since he wants to catch the {Pleiades}
4%
No matching quizzes found
Score Distribution
Percent of People with Each Score
Percentile by Number Answered
Your Score History
You have not taken this quiz since the last reset